000 00815nam a2200241 a 4500
005 20191224041516.0
008 140219b1995 nyu||||| |||| 00| 0 spa d
040 _aCO-BoIAVH
_cCO-BoIAVH
041 1 _aspa
_heng
044 _asp
082 0 4 _a570.15195
_bS68b2
100 1 _aSokal, Robert R.
245 1 0 _aBiometría :
_bprincipios y métodos estadísticos en la investigación biológica /
_cRobert R. Sokal y F. James Rohlf.
260 _aMadrid :
_bH. Blume ediciones,
_c1995
300 _a831 páginas ;
_c22 cm.
650 1 4 _aEstadística matemática
650 2 4 _aEstadística vital
650 2 4 _aEstadística no paramétrica
650 2 4 _aBiometría
700 _aRohlf, F. James,
_eautor.
700 1 _aLahoz Leon, Miguel
_etraductor.
942 _cLIBRO
_2ddc
999 _c189
_d189